000 00317nam a2200133Ia 4500
008 240112s1979 xx 000 0 und d
022 _a08151-7439-X
041 _aeng
082 _a616.05
100 _aROGERS D.E.
245 _aYEAR BOOK OF MEDICINE
260 _bYEAR BOOK OF MED.PUB.
_c1979
300 _a639,HB
999 _c1140947
_d1140947